El llanto del Cangrejo y otros cuentos /
Salvato in:
| Autore principale: | |
|---|---|
| Natura: | Sconosciuto |
| Lingua: | Spanish |
| Pubblicazione: |
San José, Costa Rica :
Costa Rica,
1983.
|
| Soggetti: | |
| Tags: |
Aggiungi Tag
Nessun Tag, puoi essere il primo ad aggiungerne!!
|
MARC
| LEADER | 000000000a22000000004500 | ||
|---|---|---|---|
| 001 | 003223 | ||
| 041 | 0 | |a spa | |
| 082 | 0 | 4 | |a CR863.4 |b R6215L |
| 100 | 1 | |a Rivera Mena, Roberto | |
| 245 | 1 | 3 | |a El llanto del Cangrejo y otros cuentos / |c Roberto Rivera Mena. |
| 260 | 1 | |a San José, Costa Rica : |b Costa Rica, |c 1983. | |
| 300 | |a 96 páginas | ||
| 650 | 4 | |a LITERATURA COSTARRICENSE | |
| 650 | 4 | |a CUENTOS | |
| 999 | |c 9504 |d 9504 | ||
| 942 | |c BK |h CR863.4 R6215L |2 z | ||
